| 000 | 00000nas 2200000zi 4500 |
| 001 | 9.501798 |
| 003 | CaOODSP |
| 005 | 20251003141308 |
| 006 | m go d f |
| 007 | cr ||||||||||| |
| 008 | 150406c19939999oncmr p o f0 b0fre|d |
| 022 | |a1925-5721 |
| 040 | |aCaOODSP|bfre|erda|cCaOODSP |
| 043 | |an-cn--- |
| 086 | 1 |aEn162-1F-PDF |
| 245 | 00|aInfo-niveau : |bniveau des Grands Lacs et du Saint-Laurent. |
| 246 | 30|aNiveau des Grands Lacs et du Saint-Laurent |
| 264 | 1|aBurlington, Ont. : |bEnvironnement Canada = Environment Canada |
| 310 | |aMensuel |
| 336 | |atexte|btxt|2rdacontent/fre |
| 337 | |ainformatique|bc|2rdamedia/fre |
| 338 | |aressource en ligne|bcr|2rdacarrier/fre |
| 362 | 1 |aParaît depuis vol. 1, n° 1 (le 20 septembre 1993). |
| 500 | |aPublié aussi en anglais sous le titre : Level news. |
| 500 | |aCertains numéros publiés dans des consolidations annuelles. |
| 691 | 07|aGestion de l'eau|2gcpds |
| 691 | 07|aLac|2gcpds |
| 710 | 1 |aCanada. |bEnvironnement Canada. |
| 775 | 08|tLevel news : |w(CaOODSP)9.505399 |